000 00272nam a22001217a 4500
008 181004b xxu||||| |||| 00| 0 eng d
041 _aeng
080 _a341
100 _a15
101 _aSHJ
245 _aAmerican College of trial Lawyers
_cLukey,J.A
942 _2udc
_cBK
999 _c48851
_d48851